|
|
|
|
| LEADER |
01123nam a2200277 a 4500 |
| 001 |
13017687 |
| 008 |
120329t20102004enk b 001 0 eng |
| 010 |
|
|
|a 2002041443
|
| 020 |
|
|
|a 0521016517 (pbk.)
|
| 020 |
|
|
|a 9780521016513
|
| 040 |
|
|
|a DLC
|c DLC
|d DLC
|d BD-DhAAL
|
| 050 |
0 |
0 |
|a P53.75
|b .E94 2004
|
| 082 |
0 |
0 |
|a 418/.0071
|2 21
|
| 245 |
0 |
0 |
|a Extensive reading activities for teaching language /
|c edited by Julian Bamford, Richard R. Day.
|
| 260 |
|
|
|a Cambridge, UK ;
|a New York :
|b Cambridge University Press,
|c 2004 [printing 2010].
|
| 300 |
|
|
|a xii, 220 p. ;
|c 23 cm.
|
| 490 |
0 |
|
|a Cambridge handbooks for language teachers
|
| 504 |
|
|
|a Includes bibliographical references and index.
|
| 541 |
|
|
|e 00024849
|
| 650 |
|
0 |
|a Language and languages
|x Study and teaching.
|
| 650 |
|
0 |
|a Reading.
|
| 700 |
1 |
|
|a Bamford, Julian.
|
| 700 |
1 |
|
|a Day, Richard R.
|
| 852 |
1 |
|
|a Ayesha Abed Library
|c General shelf.
|
| 999 |
|
|
|c 12048
|d 12048
|
| 952 |
|
|
|0 0
|1 0
|2 ddc
|4 0
|6 418_007100000000000_EXT
|7 0
|9 19858
|a BRACUL
|b BRACUL
|c GEN
|d 2012-03-28
|e karim International
|g 2464.80
|l 9
|m 78
|o 418.0071 EXT
|p 3010024849
|r 2017-02-19
|s 2017-02-08
|t 1
|w 2012-03-29
|y BK
|